[Event "Final do 56Âº Campeonato Brasileiro Feminino 2016"]
[Site "Clube Xadrez Guanabara - Rio de Janeiro, RJ - Brazil"]
[Date "2017.02.18"]
[Round "5"]
[Board "4"]
[White "Feliciano Ebert, Vanessa"]
[Black "Terao, Juliana Sayumi"]
[Result "0-1"]
[WhiteElo "2200"]
[BlackElo "2290"]
[PlyCount "104"]
[EventDate "2017.02.16"]
[EventRounds "9"]
[EventCountry "BRA"]

1. e4 c5 2. Nf3 e6 3. g3 Nc6 4. Bg2 Nf6 5. Qe2 Be7 6. O-O d5 7. e5 Nd7 8. c3
Qc7 9. d4 O-O 10. Bf4 Re8 11. Na3 Qb6 12. dxc5 Nxc5 13. Nb5 Bd7 14. Nbd4 Rac8
15. Rfd1 Nxd4 16. Nxd4 Na4 17. Rab1 Bc5 18. Be3 Qc7 19. f4 a6 20. Qd3 b5 21.
Rdc1 Nb6 22. b4 Bf8 23. Nb3 Na4 24. Bd4 Be7 25. Qe3 Qb8 26. Rf1 Qa8 27. Rf3 f5
28. exf6 Bxf6 29. Bxf6 gxf6 30. Qd4 Rf8 31. Re1 Rc4 32. Qd2 f5 33. Nd4 Qc8 34.
Rfe3 Nxc3 35. Nxe6 Bxe6 36. Rxe6 Qd8 37. R1e5 d4 38. a3 d3 39. Bf1 Qd4+ 40. Kg2
Ne4 41. Qxd3 Qf2+ 42. Kh3 Rc2 43. Kh4 Qxh2+ 44. Bh3 Qxh3+ 45. Kxh3 Nf2+ 46. Kh4
Nxd3 47. Rd5 Nf2 48. Rxa6 Ne4 49. Kh3 Rc3 50. Rxb5 Rxg3+ 51. Kh2 Rd8 52. Rb7
Rc3 0-1

[Event "Final do 56Âº Campeonato Brasileiro Feminino 2016"]
[Site "Clube Xadrez Guanabara - Rio de Janeiro, RJ - Brazil"]
[Date "2017.02.18"]
[Round "5"]
[Board "5"]
[White "Heinrichs, Vivian"]
[Black "Medeiros, Thauane Ferreira"]
[Result "1-0"]
[WhiteElo "1985"]
[BlackElo "1972"]
[PlyCount "49"]
[EventDate "2017.02.16"]
[EventRounds "9"]
[EventCountry "BRA"]

1. e4 e5 2. Nf3 Nc6 3. Bc4 Bc5 4. b4 Bxb4 5. c3 Be7 6. d4 Bf6 7. O-O d6 8. dxe5
Nxe5 9. Nxe5 dxe5 10. Qb3 Be6 11. Bxe6 fxe6 12. Qxe6+ Qe7 13. Qb3 O-O-O 14. Na3
Qe8 15. Be3 b6 16. Nb5 Kb7 17. a4 Qc6 18. a5 a6 19. Na3 Rd3 20. axb6 Rxc3 21.
Qf7 Ne7 22. bxc7 Rc8 23. Rfb1+ Ka8 24. Rb6 Rxa3 25. Rxa3 1-0

[Event "Final do 56Âº Campeonato Brasileiro Feminino 2016"]
[Site "Clube Xadrez Guanabara - Rio de Janeiro, RJ - Brazil"]
[Date "2017.02.19"]
[Round "6"]
[Board "1"]
[White "Ribeiro, Regina"]
[Black "Medeiros, Thauane Ferreira"]
[Result "1-0"]
[WhiteElo "1986"]
[BlackElo "1972"]
[PlyCount "98"]
[EventDate "2017.02.16"]
[EventRounds "9"]
[EventCountry "BRA"]

1. Nf3 d6 2. d4 g6 3. g3 Bg7 4. Bg2 f5 5. c4 Nf6 6. Nc3 O-O 7. O-O Nbd7 8. Ng5
Nb6 9. c5 dxc5 10. dxc5 Qxd1 11. Rxd1 Nc4 12. Nd5 c6 13. Nxe7+ Kh8 14. Nxc8
Raxc8 15. Ne6 Rfe8 16. Nxg7 Kxg7 17. b3 Ne5 18. Bb2 Nf7 19. e3 Rcd8 20. Kf1 g5
21. h3 Kg6 22. Ke2 Nd5 23. Bxd5 cxd5 24. Rd4 Rd7 25. Rad1 Red8 26. b4 a6 27.
R4d3 h5 28. a4 g4 29. h4 f4 30. exf4 Kf5 31. Kf1 Ke4 32. Re3+ Kf5 33. Red3 Ke4
34. Bf6 Rc8 35. Rd4+ Kf5 36. Bg5 a5 37. Rxd5+ Rxd5 38. Rxd5+ Ke4 39. Rd7 Nxg5
40. fxg5 axb4 41. Rxb7 Rxc5 42. Rxb4+ Kd3 43. Rb5 Rc6 44. a5 Ke4 45. Rb6 Rc5
46. a6 Kf3 47. Rf6+ Ke4 48. g6 Ke5 49. g7 Kd5 1-0

[Event "Final do 56Âº Campeonato Brasileiro Feminino 2016"]
[Site "Clube Xadrez Guanabara - Rio de Janeiro, RJ - Brazil"]
[Date "2017.02.19"]
[Round "6"]
[Board "2"]
[White "Terao, Juliana Sayumi"]
[Black "Heinrichs, Vivian"]
[Result "1/2-1/2"]
[WhiteElo "2290"]
[BlackElo "1985"]
[PlyCount "92"]
[EventDate "2017.02.16"]
[EventRounds "9"]
[EventCountry "BRA"]

1. e4 c6 2. d4 d5 3. e5 Bf5 4. h4 h6 5. g4 Bd7 6. h5 e6 7. Nd2 c5 8. dxc5 Nc6
9. f4 Bxc5 10. Ngf3 a6 11. Nb3 Ba7 12. c3 Nge7 13. Bd3 Na5 14. Nbd4 Nec6 15.
Qe2 Nxd4 16. Nxd4 Bxd4 17. cxd4 Qb6 18. Be3 Nc4 19. O-O Nxe3 20. Qxe3 Bb5 21.
Bxb5+ Qxb5 22. Rac1 O-O 23. f5 Rac8 24. f6 Rxc1 25. Rxc1 Qxb2 26. fxg7 Kxg7 27.
Qf4 Qe2 28. Rc7 Qe1+ 29. Kg2 Qe4+ 30. Qxe4 dxe4 31. Kf2 Rb8 32. Ke3 b5 33. Kxe4
b4 34. Ra7 b3 35. axb3 Rxb3 36. Rxa6 Rg3 37. Kf4 Rd3 38. Rd6 Rd1 39. Rd7 Rf1+
40. Ke3 Rg1 41. d5 exd5 42. Kd4 Rxg4+ 43. Kxd5 Rg5 44. Kd6 Kf8 45. Rd8+ Kg7 46.
Rd7 Kf8 1/2-1/2

[Event "Final do 56Âº Campeonato Brasileiro Feminino 2016"]
[Site "Clube Xadrez Guanabara - Rio de Janeiro, RJ - Brazil"]
[Date "2017.02.19"]
[Round "6"]
[Board "3"]
[White "Librelato, Kathie Goulart"]
[Black "Feliciano Ebert, Vanessa"]
[Result "1/2-1/2"]
[WhiteElo "1988"]
[BlackElo "2200"]
[PlyCount "70"]
[EventDate "2017.02.16"]
[EventRounds "9"]
[EventCountry "BRA"]

1. e4 c5 2. Nf3 Nc6 3. d4 cxd4 4. Nxd4 Nf6 5. Nc3 e5 6. Ndb5 d6 7. Bg5 a6 8.
Na3 b5 9. Bxf6 gxf6 10. Nd5 f5 11. Bd3 Be6 12. O-O Bxd5 13. exd5 Ne7 14. Re1
Bg7 15. c3 O-O 16. Nc2 Re8 17. Qh5 e4 18. Bf1 Nxd5 19. Qxf5 Re5 20. Qg4 f5 21.
Qd1 f4 22. Rxe4 Kh8 23. Rd4 Qg5 24. Qf3 Rf8 25. h4 Qf5 26. Bd3 Qf7 27. c4 Ne7
28. cxb5 axb5 29. Rxd6 Rh5 30. Rd7 Rxh4 31. Re1 Bf6 32. Nb4 Qg7 33. Bf5 Qg5 34.
Bh3 Ng6 35. Nd3 Rh5 1/2-1/2

[Event "Final do 56Âº Campeonato Brasileiro Feminino 2016"]
[Site "Clube Xadrez Guanabara - Rio de Janeiro, RJ - Brazil"]
[Date "2017.02.19"]
[Round "6"]
[Board "4"]
[White "Rothebarth, Ana Vitoria De Pau"]
[Black "Coelho, Tatiane Cristina"]
[Result "1-0"]
[WhiteElo "2039"]
[BlackElo "1776"]
[PlyCount "59"]
[EventDate "2017.02.16"]
[EventRounds "9"]
[EventCountry "BRA"]

1. e4 e5 2. Nf3 Nc6 3. Bc4 Nf6 4. d3 Be7 5. O-O O-O 6. Re1 d6 7. a4 Bg4 8. c3
h6 9. Nbd2 d5 10. exd5 Nxd5 11. h3 Bh5 12. Nf1 Re8 13. a5 Nf6 14. Ng3 Bxf3 15.
Qxf3 Bf8 16. a6 e4 17. Nxe4 Ne5 18. Nxf6+ gxf6 19. Qg3+ Kh7 20. Bf4 Bd6 21. Qh4
Bf8 22. Bxe5 fxe5 23. Qe4+ Kg7 24. axb7 Rb8 25. Re3 Qd7 26. Rg3+ Kh8 27. Rxa7
f5 28. Qd5 Qxd5 29. Bxd5 Bc5 30. Ra8 1-0

[Event "Final do 56Âº Campeonato Brasileiro Feminino 2016"]
[Site "Clube Xadrez Guanabara - Rio de Janeiro, RJ - Brazil"]
[Date "2017.02.19"]
[Round "6"]
[Board "5"]
[White "Viaro Baccarin, Natalia"]
[Black "Alboredo, Julia"]
[Result "0-1"]
[WhiteElo "1946"]
[BlackElo "2080"]
[PlyCount "52"]
[EventDate "2017.02.16"]
[EventRounds "9"]
[EventCountry "BRA"]

1. e4 c5 2. Nf3 d6 3. d4 cxd4 4. Nxd4 Nf6 5. Nc3 g6 6. Be3 Bg7 7. f3 O-O 8. Qd2
Nc6 9. g4 Be6 10. Nxe6 fxe6 11. h4 d5 12. O-O-O Qa5 13. Kb1 d4 14. Bxd4 Nxd4
15. Qxd4 Nxg4 16. Qc4 Nf2 17. Qxe6+ Kh8 18. Rd5 Qc7 19. Rd7 Qc5 20. Rd5 Qe3 21.
Nd1 Qxf3 22. Rg1 Nxd1 23. Bg2 Nc3+ 24. bxc3 Qxc3 25. e5 Rf2 26. Be4 Qb4+ 0-1

[Event "Final do 56Âº Campeonato Brasileiro Feminino 2016"]
[Site "Clube Xadrez Guanabara - Rio de Janeiro, RJ - Brazil"]
[Date "2017.02.20"]
[Round "7"]
[Board "1"]
[White "Alboredo, Julia"]
[Black "Ribeiro, Regina"]
[Result "1/2-1/2"]
[WhiteElo "2080"]
[BlackElo "1986"]
[PlyCount "92"]
[EventDate "2017.02.16"]
[EventRounds "9"]
[EventCountry "BRA"]

1. e4 e6 2. d4 d5 3. Nc3 dxe4 4. Nxe4 Bd7 5. Nf3 Bc6 6. Bd3 Nd7 7. O-O Ngf6 8.
Nxf6+ Nxf6 9. c3 Be7 10. Re1 O-O 11. Qe2 b6 12. Bf4 Bb7 13. Rad1 a6 14. Bc2 Re8
15. Bb3 Nh5 16. Bc1 Bd6 17. Ng5 Nf4 18. Qg4 h5 19. Qh4 Nxg2 20. Qxh5 Qf6 21.
Qh7+ Kf8 22. d5 Nxe1 23. Rxe1 e5 24. f4 e4 25. Qh8+ Ke7 26. Rxe4+ Kd7 27. Qh3+
Kd8 28. f5 Rxe4 29. Nxe4 Qe5 30. Qh4+ Kd7 31. f6 g6 32. Nxd6 cxd6 33. Bf4 Qe4
34. Qh3+ Qf5 35. Qg3 Bxd5 36. Bxd6 Qf3 37. Bxd5 Qxd5 38. Be7 Rc8 39. Qg4+ Qe6
40. Qa4+ Rc6 41. Qxa6 Qg4+ 42. Kf2 Qf4+ 43. Kg2 Qg4+ 44. Kf2 Qf4+ 45. Kg2 Qg4+
46. Kf2 Qf4+ 1/2-1/2

[Event "Final do 56Âº Campeonato Brasileiro Feminino 2016"]
[Site "Clube Xadrez Guanabara - Rio de Janeiro, RJ - Brazil"]
[Date "2017.02.20"]
[Round "7"]
[Board "2"]
[White "Coelho, Tatiane Cristina"]
[Black "Viaro Baccarin, Natalia"]
[Result "1/2-1/2"]
[WhiteElo "1776"]
[BlackElo "1946"]
[PlyCount "63"]
[EventDate "2017.02.16"]
[EventRounds "9"]
[EventCountry "BRA"]

1. e4 c5 2. Nc3 Nc6 3. Nf3 e6 4. Bb5 Nd4 5. O-O a6 6. Bd3 g6 7. Nxd4 cxd4 8.
Ne2 Bg7 9. c3 dxc3 10. dxc3 Ne7 11. Be3 O-O 12. Qd2 d5 13. Rad1 dxe4 14. Bxe4
Qxd2 15. Rxd2 f5 16. Bf3 e5 17. Nc1 e4 18. Be2 Be6 19. Rfd1 Nc6 20. Rd6 Kf7 21.
Bc5 Rfe8 22. Be3 Be5 23. R6d2 Na5 24. Bd4 Bf4 25. Rc2 Rad8 26. b3 Rd7 27. Bb6
Rxd1+ 28. Bxd1 Nc6 29. Ne2 Bg5 30. Nd4 Nxd4 31. cxd4 Bd8 32. Bc5 1/2-1/2

[Event "Final do 56Âº Campeonato Brasileiro Feminino 2016"]
[Site "Clube Xadrez Guanabara - Rio de Janeiro, RJ - Brazil"]
[Date "2017.02.20"]
[Round "7"]
[Board "3"]
[White "Feliciano Ebert, Vanessa"]
[Black "Rothebarth, Ana Vitoria De Pau"]
[Result "1/2-1/2"]
[WhiteElo "2200"]
[BlackElo "2039"]
[PlyCount "104"]
[EventDate "2017.02.16"]
[EventRounds "9"]
[EventCountry "BRA"]

1. e4 e5 2. Nf3 Nc6 3. Bc4 Bc5 4. b4 Bxb4 5. c3 Ba5 6. d4 b5 7. Bxb5 Nxd4 8.
Nxd4 exd4 9. O-O dxc3 10. Bc4 Ne7 11. Bxf7+ Kxf7 12. Qh5+ Kg8 13. Qxa5 h6 14.
Bf4 d6 15. Nxc3 Kh7 16. Nb5 Rf8 17. Bg3 Bd7 18. Rac1 a6 19. Nc3 Nc6 20. Qa3 Qb8
21. Nd5 Qa7 22. Kh1 Rfc8 23. Qd3 Ne5 24. Bxe5 Bb5 25. Qg3 dxe5 26. Rfd1 c6 27.
Qxe5 Qxf2 28. Nf4 c5 29. Ne6 Ra7 30. Nf4 Rf7 31. Nh3 Qf6 32. Qg3 Rd8 33. e5
Rxd1+ 34. Rxd1 Qf5 35. Qe3 Bc6 36. Kg1 Qc2 37. Qd3+ Qxd3 38. Rxd3 Bb5 39. Rd1
Re7 40. Re1 Kg6 41. g4 c4 42. Kf2 c3 43. Nf4+ Kf7 44. e6+ Ke8 45. Nd5 Rb7 46.
Nxc3 Bc4 47. Ne4 Ke7 48. a4 Rb6 49. Rc1 Bxe6 50. Rc7+ Kf8 51. h3 Rb4 52. Nc5
Bf7 1/2-1/2

[Event "Final do 56Âº Campeonato Brasileiro Feminino 2016"]
[Site "Clube Xadrez Guanabara - Rio de Janeiro, RJ - Brazil"]
[Date "2017.02.20"]
[Round "7"]
[Board "4"]
[White "Heinrichs, Vivian"]
[Black "Librelato, Kathie Goulart"]
[Result "1/2-1/2"]
[WhiteElo "1985"]
[BlackElo "1988"]
[PlyCount "137"]
[EventDate "2017.02.16"]
[EventRounds "9"]
[EventCountry "BRA"]

1. d4 Nf6 2. c4 g6 3. Nc3 d5 4. cxd5 Nxd5 5. e4 Nxc3 6. bxc3 Bg7 7. Bc4 c5 8.
Ne2 O-O 9. O-O Nc6 10. Be3 Qc7 11. Qc1 Rd8 12. Rd1 Na5 13. Bd3 b6 14. Qa3 Be6
15. Bf4 Qb7 16. d5 Bd7 17. Rab1 Bc8 18. c4 e5 19. Bd2 Qe7 20. Bxa5 bxa5 21.
Qxa5 f5 22. Rb5 Bf8 23. Rdb1 Qg5 24. Rb8 Rxb8 25. Rxb8 Bd6 26. Rb1 Rf8 27. Qe1
h5 28. Qa5 Qf6 29. f3 f4 30. Nc3 g5 31. Nb5 Bb8 32. Qa3 a6 33. Nc3 Bd6 34. Qb2
Rf7 35. Qf2 g4 36. Kf1 Rg7 37. Ke2 Qd8 38. Bc2 Be7 39. Kd3 Bd6 40. Na4 g3 41.
hxg3 Rxg3 42. Rh1 Qg5 43. Rh2 h4 44. Nc3 Be7 45. Ne2 Qg7 46. Qf1 Rg6 47. Nc3 h3
48. gxh3 Rg1 49. Qf2 Rg3 50. Ne2 Bxh3 51. Kd2 Bd7 52. Qf1 Rg6 53. Rh1 Rg2 54.
Rg1 Bh3 55. Rxg2 Qxg2 56. Qxg2+ Bxg2 57. Ng1 Bh4 58. Ke2 Kf7 59. Ba4 Ke7 60.
Bc6 a5 61. a4 Bg3 62. Bb7 Kd8 63. Ba6 Kd7 64. Bb5+ Ke7 65. Bc6 Bh4 66. d6+ Kxd6
67. Be8 Bg3 68. Bh5 Bh2 69. Kf2 1/2-1/2

[Event "Final do 56Âº Campeonato Brasileiro Feminino 2016"]
[Site "Clube Xadrez Guanabara - Rio de Janeiro, RJ - Brazil"]
[Date "2017.02.20"]
[Round "7"]
[Board "5"]
[White "Medeiros, Thauane Ferreira"]
[Black "Terao, Juliana Sayumi"]
[Result "0-1"]
[WhiteElo "1972"]
[BlackElo "2290"]
[PlyCount "44"]
[EventDate "2017.02.16"]
[EventRounds "9"]
[EventCountry "BRA"]

1. d4 Nf6 2. c4 e6 3. Nc3 Bb4 4. Qc2 c5 5. dxc5 Bxc5 6. Nf3 Nc6 7. a3 O-O 8.
Bg5 Be7 9. e3 h6 10. h4 Qa5 11. Rd1 d5 12. Bxf6 Bxf6 13. cxd5 exd5 14. Ng5
Bxc3+ 15. bxc3 hxg5 16. hxg5 g6 17. f4 d4 18. exd4 Bf5 19. Rd3 Nxd4 20. Qf2
Rfe8+ 21. Kd2 Nb3+ 22. Kd1 Qxa3 0-1

[Event "Final do 56Âº Campeonato Brasileiro Feminino 2016"]
[Site "Clube Xadrez Guanabara - Rio de Janeiro, RJ - Brazil"]
[Date "2017.02.20"]
[Round "8"]
[Board "1"]
[White "Ribeiro, Regina"]
[Black "Terao, Juliana Sayumi"]
[Result "0-1"]
[WhiteElo "1986"]
[BlackElo "2290"]
[PlyCount "50"]
[EventDate "2017.02.16"]
[EventRounds "9"]
[EventCountry "BRA"]

1. Nf3 Nf6 2. g3 b6 3. Bg2 Bb7 4. O-O g6 5. b3 Bg7 6. Bb2 O-O 7. c4 d6 8. d4 e6
9. Nc3 Ne4 10. Nxe4 Bxe4 11. Qd2 Nd7 12. Rfd1 Qe7 13. Ne1 Bxg2 14. Nxg2 f5 15.
f3 Rf7 16. e4 fxe4 17. fxe4 e5 18. Rf1 Raf8 19. d5 Nf6 20. Qd3 Qd7 21. Ne3 Qh3
22. Rae1 Bh6 23. Bc1 Bxe3+ 24. Bxe3 Ng4 25. Qe2 Rxf1+ 0-1

[Event "Final do 56Âº Campeonato Brasileiro Feminino 2016"]
[Site "Clube Xadrez Guanabara - Rio de Janeiro, RJ - Brazil"]
[Date "2017.02.20"]
[Round "8"]
[Board "2"]
[White "Librelato, Kathie Goulart"]
[Black "Medeiros, Thauane Ferreira"]
[Result "1-0"]
[WhiteElo "1988"]
[BlackElo "1972"]
[PlyCount "49"]
[EventDate "2017.02.16"]
[EventRounds "9"]
[EventCountry "BRA"]

1. e4 c6 2. Nc3 d5 3. Nf3 Bg4 4. h3 Bxf3 5. Qxf3 e6 6. d4 Qb6 7. Bd3 Nf6 8. O-O
Be7 9. e5 Nfd7 10. Ne2 c5 11. dxc5 Bxc5 12. Qg3 g6 13. Kh1 Nc6 14. f4 O-O-O 15.
c3 Be7 16. b4 g5 17. Be3 Qc7 18. fxg5 Ncxe5 19. Bf4 Bd6 20. Nd4 Nc4 21. Bxc4
Bxf4 22. Rxf4 e5 23. Rxf7 Qxc4 24. Nf5 Kb8 25. Rxd7 1-0

[Event "Final do 56Âº Campeonato Brasileiro Feminino 2016"]
[Site "Clube Xadrez Guanabara - Rio de Janeiro, RJ - Brazil"]
[Date "2017.02.20"]
[Round "8"]
[Board "3"]
[White "Rothebarth, Ana Vitoria De Pau"]
[Black "Heinrichs, Vivian"]
[Result "1/2-1/2"]
[WhiteElo "2039"]
[BlackElo "1985"]
[PlyCount "112"]
[EventDate "2017.02.16"]
[EventRounds "9"]
[EventCountry "BRA"]

1. Nf3 d5 2. b3 Bg4 3. e3 c6 4. Bb2 Nd7 5. Be2 Ngf6 6. O-O e6 7. c4 Be7 8. d4
O-O 9. Nc3 h6 10. Qc2 Re8 11. Rad1 Qc7 12. Rfe1 Rad8 13. a3 a5 14. Rc1 Qb8 15.
c5 Rc8 16. b4 b6 17. Ra1 bxc5 18. bxc5 Qa7 19. Bc1 Bf5 20. Bd3 Bxd3 21. Qxd3 e5
22. Qc2 e4 23. Nd2 Qc7 24. Nf1 Nh7 25. Bd2 Nhf8 26. Rab1 Rb8 27. Rxb8 Rxb8 28.
Rb1 Ne6 29. Rxb8+ Qxb8 30. Qa4 Qa8 31. Nxd5 Bd8 32. Nf4 Nxf4 33. exf4 Nf6 34.
Qc2 Bc7 35. Ng3 Qe8 36. h3 Qd8 37. Be3 Qe8 38. Qb1 Kh8 39. Qb7 Nd5 40. Ne2 f5
41. Nc3 Nxc3 42. Qxc7 Qe6 43. Qxa5 Qb3 44. Kh2 Kh7 45. g4 Nd5 46. Qd2 Qxa3 47.
gxf5 Qb3 48. Qe2 Qc3 49. Kg2 Nf6 50. Qd2 Qb3 51. Qe2 Qd5 52. Qb2 Qxf5 53. Qb7
Qg6+ 54. Kh2 Nd5 55. Qd7 Qh5 56. Qg4 Qf7 1/2-1/2

[Event "Final do 56Âº Campeonato Brasileiro Feminino 2016"]
[Site "Clube Xadrez Guanabara - Rio de Janeiro, RJ - Brazil"]
[Date "2017.02.20"]
[Round "8"]
[Board "4"]
[White "Viaro Baccarin, Natalia"]
[Black "Feliciano Ebert, Vanessa"]
[Result "0-1"]
[WhiteElo "1946"]
[BlackElo "2200"]
[PlyCount "84"]
[EventDate "2017.02.16"]
[EventRounds "9"]
[EventCountry "BRA"]

1. e4 c5 2. Nf3 Nc6 3. d4 cxd4 4. Nxd4 Nf6 5. Nc3 e5 6. Ndb5 d6 7. Bg5 a6 8.
Na3 b5 9. Nd5 Be7 10. Bxf6 Bxf6 11. c4 Bg5 12. cxb5 Qa5+ 13. Nc3 Nd4 14. Bc4
O-O 15. O-O Rb8 16. Nc2 axb5 17. Nxd4 exd4 18. Nxb5 Rxb5 19. Bxb5 Qxb5 20. Qxd4
Bf6 21. Qxd6 Qxb2 22. a4 Be5 23. Qd3 Qb6 24. Rab1 Qh6 25. g3 Ba6 26. Qd5 Bxf1
27. Rxf1 Qe6 28. Qb7 Rb8 29. Rd1 g6 30. Qa7 Qb6 31. Qxb6 Rxb6 32. f4 Bc7 33.
Rc1 Rb7 34. Rc2 Kf8 35. Kg2 Ke7 36. Kf3 Rb3+ 37. Kg4 Bd6 38. Ra2 Rb6 39. Kg5
f6+ 40. Kh6 Kf7 41. Kxh7 Bxf4 42. gxf4 Rb3 0-1

[Event "Final do 56Âº Campeonato Brasileiro Feminino 2016"]
[Site "Clube Xadrez Guanabara - Rio de Janeiro, RJ - Brazil"]
[Date "2017.02.20"]
[Round "8"]
[Board "5"]
[White "Alboredo, Julia"]
[Black "Coelho, Tatiane Cristina"]
[Result "0-1"]
[WhiteElo "2080"]
[BlackElo "1776"]
[PlyCount "100"]
[EventDate "2017.02.16"]
[EventRounds "9"]
[EventCountry "BRA"]

1. e4 e5 2. Nf3 Nc6 3. Bc4 Bc5 4. c3 Nf6 5. d3 O-O 6. O-O d6 7. a4 a6 8. h3 h6
9. Re1 Re8 10. Nbd2 Be6 11. Bxe6 Rxe6 12. Nf1 Ba7 13. Ng3 d5 14. Qe2 Qd7 15.
Nh4 Rd8 16. Qf3 dxe4 17. dxe4 Qd3 18. Be3 Bxe3 19. fxe3 Qc2 20. b4 Qxc3 21. b5
Ne7 22. Nhf5 Nxf5 23. exf5 e4 24. Qf4 Re7 25. Rec1 Qa5 26. bxa6 bxa6 27. Rc4
Rde8 28. Nf1 Nd5 29. Qg4 Qb6 30. Kh1 Nf6 31. Qf4 Nd5 32. Qg4 Nf6 33. Qh4 Nd5
34. Rac1 Re5 35. Rc6 Qb2 36. Qg4 Kh7 37. Qh5 R8e7 38. Qg4 Qf2 39. Rxa6 Rxf5 40.
Qd1 Nxe3 41. Nxe3 Qxe3 42. Rac6 Qd3 43. Qxd3 exd3 44. Rd1 Rd5 45. Kg1 d2 46.
Kf2 Rf5+ 47. Kg3 Re3+ 48. Kg4 Rf2 49. Rc2 f5+ 50. Kh4 Rxg2 0-1

[Event "Final do 56Âº Campeonato Brasileiro Feminino 2016"]
[Site "Clube Xadrez Guanabara - Rio de Janeiro, RJ - Brazil"]
[Date "2017.02.21"]
[Round "9"]
[Board "1"]
[White "Coelho, Tatiane Cristina"]
[Black "Ribeiro, Regina"]
[Result "0-1"]
[WhiteElo "1776"]
[BlackElo "1986"]
[PlyCount "48"]
[EventDate "2017.02.16"]
[EventRounds "9"]
[EventCountry "BRA"]

1. e4 e6 2. Nc3 c5 3. Nf3 a6 4. d4 cxd4 5. Nxd4 Qc7 6. Bd3 b5 7. O-O Bb7 8. Kh1
Nf6 9. a3 h5 10. Qe1 Bc5 11. Nf3 Ng4 12. Nd1 Nc6 13. c3 Ne7 14. Bg5 Ng6 15. Qe2
f6 16. Bd2 Rc8 17. Rc1 Nh4 18. g3 Nxf3 19. Qxf3 Ne5 20. Qe2 Nxd3 21. Qxd3 f5
22. f3 h4 23. Bg5 fxe4 24. fxe4 Qe5 0-1

[Event "Final do 56Âº Campeonato Brasileiro Feminino 2016"]
[Site "Clube Xadrez Guanabara - Rio de Janeiro, RJ - Brazil"]
[Date "2017.02.21"]
[Round "9"]
[Board "2"]
[White "Feliciano Ebert, Vanessa"]
[Black "Alboredo, Julia"]
[Result "1/2-1/2"]
[WhiteElo "2200"]
[BlackElo "2080"]
[PlyCount "25"]
[EventDate "2017.02.16"]
[EventRounds "9"]
[EventCountry "BRA"]

1. e4 c5 2. Nf3 d6 3. d4 cxd4 4. Nxd4 Nf6 5. f3 e5 6. Nb3 a5 7. Bb5+ Bd7 8.
Bxd7+ Nbxd7 9. a4 Qb6 10. Nc3 Be7 11. Qe2 O-O 12. Be3 Qc6 13. Qb5 1/2-1/2

[Event "Final do 56Âº Campeonato Brasileiro Feminino 2016"]
[Site "Clube Xadrez Guanabara - Rio de Janeiro, RJ - Brazil"]
[Date "2017.02.21"]
[Round "9"]
[Board "3"]
[White "Heinrichs, Vivian"]
[Black "Viaro Baccarin, Natalia"]
[Result "1-0"]
[WhiteElo "1985"]
[BlackElo "1946"]
[PlyCount "115"]
[EventDate "2017.02.16"]
[EventRounds "9"]
[EventCountry "BRA"]

1. d4 d5 2. c4 e6 3. Nc3 Be7 4. cxd5 exd5 5. Qc2 Nf6 6. Bg5 c6 7. e3 Ne4 8.
Bxe7 Qxe7 9. Nxd5 cxd5 10. Qxc8+ Qd8 11. Qxd8+ Kxd8 12. Bd3 f5 13. Ne2 g6 14.
Nf4 Nf6 15. Rc1 Nbd7 16. f3 Re8 17. Kd2 Re7 18. Rc2 Nb6 19. Rhc1 g5 20. Ne2
Nc4+ 21. Bxc4 dxc4 22. Ng3 f4 23. exf4 gxf4 24. Nf5 c3+ 25. bxc3 Re6 26. g4 Kc7
27. c4 Rae8 28. Kc3 Re3+ 29. Nxe3 Rxe3+ 30. Kb4 Rxf3 31. Rc3 Rf2 32. R1c2 Rf1
33. Re2 f3 34. Rb2 f2 35. g5 Ne4 36. Rf3 Kd6 37. d5 Ke5 38. Rf7 Rg1 39. Rbxf2
Nxf2 40. Rxf2 Rxg5 41. Rf7 Rg2 42. Rxh7 Rxa2 43. Kb5 a5 44. Kc5 a4 45. Re7+ Kf6
46. Rxb7 Rxh2 47. Ra7 Ra2 48. d6 a3 49. Kc6 Rc2 50. c5 a2 51. Ra8 Rd2 52. Kc7
Ke6 53. c6 Rxd6 54. Rxa2 Rd1 55. Rb2 Rd3 56. Kb7 Rc3 57. c7 Kd7 58. c8=Q+ 1-0

[Event "Final do 56Âº Campeonato Brasileiro Feminino 2016"]
[Site "Clube Xadrez Guanabara - Rio de Janeiro, RJ - Brazil"]
[Date "2017.02.21"]
[Round "9"]
[Board "5"]
[White "Terao, Juliana Sayumi"]
[Black "Librelato, Kathie Goulart"]
[Result "1-0"]
[WhiteElo "2290"]
[BlackElo "1988"]
[PlyCount "63"]
[EventDate "2017.02.16"]
[EventRounds "9"]
[EventCountry "BRA"]

1. e4 e5 2. Nf3 Nc6 3. Bb5 a6 4. Ba4 Nf6 5. O-O Be7 6. Re1 b5 7. Bb3 d6 8. c3
O-O 9. h3 Bb7 10. d4 Re8 11. Nbd2 Bf8 12. d5 Nb8 13. Nf1 h6 14. N3h2 c6 15.
dxc6 Bxc6 16. Ng4 Nxe4 17. Nxh6+ gxh6 18. Rxe4 Qf6 19. Rg4+ Kh8 20. Rg3 Nd7 21.
Qh5 d5 22. Bg5 Qe6 23. Ne3 e4 24. Rd1 Nc5 25. Bxd5 Bxd5 26. Nxd5 Red8 27. Bxd8
Rxd8 28. Nf4 Rxd1+ 29. Qxd1 Qf5 30. Qd4+ Kh7 31. Nd5 Nd7 32. Rg4 1-0